000 00768nam a2200193 i 4500
001 170781
003 ES-MaACL
005 20250808062742.0
008 090406s1953 sp |||| | spa d
100 0 _aFrancisco Javier
_cSanto.
_952196
245 1 0 _aCartas y escritos de San Francisco Javier
_b: única publicación castellana completa según la edición crítica de "Monumenta Historica Soc. Iesu" (1944-1945) /
_canotadas por Félix Zubillaga.
260 _aMadrid :
_bLa Editorial Católica,
_c1953.
300 _aXX, 578 p. ;
_c20 cm.
490 1 _aBiblioteca de autores cristianos ;
_v101
700 0 _aZubillaga, Félix.
_9118400
830 0 0 _aBiblioteca de autores cristianos
_v101
_9178679
852 _aES-MaACL
_jJ-99
_9R.46092
999 _c170781
_d170781